| 000 | 005290000a22001810004500 | ||
|---|---|---|---|
| 090 |
_aAR _b01768 |
||
| 245 | 1 | 0 | _aTesting for independence of observations in animal movements |
| 650 | 1 | 4 |
_aRadiotelemetría _920802 |
| 650 | 1 | 4 |
_aRoedores _97408 |
| 650 | 1 | 4 |
_aAnálisis espacial _910371 |
| 650 | 1 | 4 |
_aEtología _97606 |
| 653 |
_gSigmodon _eSigmodon hispidus |
||
| 041 | 0 | _aInglés | |
| 700 | 1 |
_aSlade, Norman A. _993337 |
|
| 100 | 1 |
_aSwthart, Robert K _995211 |
|
| 942 | _cARTICULO | ||
| 773 | 1 |
_tEcology _357 _h4 _q1176-1184 _d1985 _g66 |
|
| 999 |
_c10845 _d10845 |
||